000 005850000a22002410004500
005 20120302062408.0
942 _cBOOK
245 _a Praachin Hindi Shilpashaastra-Saar
300 _a216p.
040 _aMAR
650 _aSankeerna
650 _aShilpashaastra-Saar
650 _aHindi Shilpashaastra
650 _aKrushishaastra
650 _aJalshaastra
650 _aKhanijshaastra
650 _aNaukaaShaastra
650 _aRathashaastra
650 _aVimaanshaastra
650 _aVaastushaastra
650 _aNagarvyavasthaa Shaastra
650 _aYantrashaastra
999 _c356591
_d356588